Southville International School and Colleges
Your cart is empty.
  • Cart
  • Lists
    Public lists Eva Luna New books Lux_list list_1
    Your lists Log in to create your own lists
  • Log in to your account
  • Your cookies
  • Search history
Southville International School and Colleges
  • Advanced search
  • Recent comments
  • Most popular
  • Libraries

Log in to your account

Log in with GOOGLE


If you do not have an external account, but do have a local account, you can still log in:

  1. Home
  2. MARC view: What happens in London /
Normal view MARC view ISBD view

What happens in London / (Record no. 284718)

[ view plain ]
MARC details
000 -LEADER
fixed length control field 02245cam a22003973a 4500
001 - CONTROL NUMBER
control field 16461814
003 - CONTROL NUMBER IDENTIFIER
control field PILC
005 - DATE AND TIME OF LATEST TRANSACTION
control field 20150905092110.0
008 - FIXED-LENGTH DATA ELEMENTS--GENERAL INFORMATION
fixed length control field 100318s2009 nyu 000 0 eng d
010 ## - LIBRARY OF CONGRESS CONTROL NUMBER
LC control number 2010668614
020 ## - INTERNATIONAL STANDARD BOOK NUMBER
International Standard Book Number 9780061491887
020 ## - INTERNATIONAL STANDARD BOOK NUMBER
International Standard Book Number 0061491888
035 ## - SYSTEM CONTROL NUMBER
System control number (OCoLC)ocn559087467
035 ## - SYSTEM CONTROL NUMBER
System control number (OCoLC)559087467
040 ## - CATALOGING SOURCE
Original cataloging agency JRB
Transcribing agency JRB
Modifying agency DLC
042 ## - AUTHENTICATION CODE
Authentication code lccopycat
050 00 - LIBRARY OF CONGRESS CALL NUMBER
Classification number PZ 7
Item number .Q7 2009
100 1# - MAIN ENTRY--PERSONAL NAME
Personal name Quinn, Julia,
Dates associated with a name 1970-
245 10 - TITLE STATEMENT
Title What happens in London /
Statement of responsibility, etc Julia Quinn.
260 ## - PUBLICATION, DISTRIBUTION, ETC. (IMPRINT)
Place of publication, distribution, etc New York :
Name of publisher, distributor, etc Avon Books,
Date of publication, distribution, etc 2009.
300 ## - PHYSICAL DESCRIPTION
Extent 372 pages ;
Dimensions 22 cm.
490 0# - SERIES STATEMENT
Series statement Avon Historical Romance
490 0# - SERIES STATEMENT
Series statement Avon
520 ## - SUMMARY, ETC.
Summary, etc Rumors and gossip-- the lifeblood of London. When Olivia Bevelstoke is told that her new neighbor may have killed his fiancee, she doesn't believe it for a second, but, still, how can she help spying on him, just to be sure? So she stakes out a spot near her bedroom window, cleverly concealed by curtains, watches, and waits-- and discovers a most intriguing man, who is definitely up to something. Sir Harry Valentine works for the boring branch of the War Office, translating documents vital to national security. He's not a spy, but he's had all the training, and when a gorgeous blonde begins to watch him from her window, he is instantly suspicious. But just when he decides that she's nothing more than an annoyingly nosy debutante, he discovers that she might be engaged to a foreign prince, who might be plotting against England. And when Harry is roped into spying on Olivia, he discovers that he might be falling for her himself.
650 #0 - SUBJECT ADDED ENTRY--TOPICAL TERM
Topical term or geographic name as entry element Man-woman relationships
Form subdivision Fiction.
650 #0 - SUBJECT ADDED ENTRY--TOPICAL TERM
Topical term or geographic name as entry element Love stories.
651 #0 - SUBJECT ADDED ENTRY--GEOGRAPHIC NAME
Geographic name London (England)
Form subdivision Fiction.
655 #7 - INDEX TERM--GENRE/FORM
Genre/form data or focus term Love stories.
Source of term gsafd
655 #7 - INDEX TERM--GENRE/FORM
Genre/form data or focus term Historical fiction.
Source of term gsafd
710 2# - ADDED ENTRY--CORPORATE NAME
Corporate name or jurisdiction name as entry element Copyright Paperback Collection (Library of Congress)
Institution to which field applies DLC
856 42 - ELECTRONIC LOCATION AND ACCESS
Materials specified Contributor biographical information
Uniform Resource Identifier <a href="http://www.loc.gov/catdir/enhancements/fy1013/2010668614-b.html">http://www.loc.gov/catdir/enhancements/fy1013/2010668614-b.html</a>
856 42 - ELECTRONIC LOCATION AND ACCESS
Materials specified Publisher description
Uniform Resource Identifier <a href="http://www.loc.gov/catdir/enhancements/fy1013/2010668614-d.html">http://www.loc.gov/catdir/enhancements/fy1013/2010668614-d.html</a>
906 ## - LOCAL DATA ELEMENT F, LDF (RLIN)
a 7
b cbc
c copycat
d 2
e ncip
f 20
g y-genrareb
942 ## - ADDED ENTRY ELEMENTS (KOHA)
Source of classification or shelving scheme Library of Congress Classification
Koha item type Books
Call number prefix Foreign
Holdings
Withdrawn status Lost status Source of classification or shelving scheme Damaged status Home library Current library Shelving location Date acquired Source of acquisition Sub Shelving location Total Checkouts Full call number Barcode Date last seen Date checked out Price effective from Koha item type
    Library of Congress Classification   College Library College Library Fiction Section 06/04/2015 Library Fund   2 PZ 7 .Q7 2009 C19558 11/09/2023 11/07/2023 06/04/2015 Books

What happens in London /

APA

Quinn J., Copyright Paperback Collection (Library of Congress), . (2009). What happens in London. New York: Avon Books.

Chicago

Quinn Julia, Copyright Paperback Collection (Library of Congress), . 2009. What happens in London. New York: Avon Books.

Harvard

Quinn J., Copyright Paperback Collection (Library of Congress), . (2009). What happens in London. New York: Avon Books.

MLA

Quinn Julia, Copyright Paperback Collection (Library of Congress), . What happens in London. New York: Avon Books. 2009.

  • Place hold
  • Print
  • Cite
  • Add to your cart (remove)
  • Save record
    BIBTEX Dublin Core MARCXML MARC (non-Unicode/MARC-8) MARC (Unicode/UTF-8) MARC (Unicode/UTF-8, Standard) MODS (XML) RIS
  • More searches
    Search for this title in:
    Other Libraries (WorldCat) Other Databases (Google Scholar) Online Stores (Bookfinder.com) Open Library (openlibrary.org)

Exporting to Dublin Core...

SOUTHVILLE LIBRARY

Southville International School and Colleges Library

1281 Tropical Ave. Cor. Luxembourg St., BF Homes International, Las Pinas City

Tel. No. 8256374 / 252358 Loc. 117/146

Powered by Koha